<?xml version="1.0" encoding="UTF-8"?>
<collection xmlns="http://www.loc.gov/MARC21/slim">
<record>
  <controlfield tag="001">74902</controlfield>
  <controlfield tag="005">20240424134301.0</controlfield>
  <datafield tag="024" ind1="8" ind2=" ">
    <subfield code="2">sideral</subfield>
    <subfield code="a">106935</subfield>
  </datafield>
  <datafield tag="037" ind1=" " ind2=" ">
    <subfield code="a">ART-2013-106935</subfield>
  </datafield>
  <datafield tag="041" ind1=" " ind2=" ">
    <subfield code="a">spa</subfield>
  </datafield>
  <datafield tag="100" ind1=" " ind2=" ">
    <subfield code="a">Lomba Serrano, Concepción</subfield>
    <subfield code="u">Universidad de Zaragoza</subfield>
    <subfield code="0">(orcid)0000-0003-3098-9844</subfield>
  </datafield>
  <datafield tag="245" ind1=" " ind2=" ">
    <subfield code="a">El Paraninfo, símbolo de la cultura universitaria</subfield>
  </datafield>
  <datafield tag="260" ind1=" " ind2=" ">
    <subfield code="c">2013</subfield>
  </datafield>
  <datafield tag="506" ind1="0" ind2=" ">
    <subfield code="a">Access copy available to the general public</subfield>
    <subfield code="f">Unrestricted</subfield>
  </datafield>
  <datafield tag="520" ind1="3" ind2=" ">
    <subfield code="a">La antigua Casa de las Facultades de Medicina y Ciencias, construida por el arquitecto Ricardo Magdalena según la moda ecléctica del momento, se inauguraba en octubre de 1893 en las afueras de la ciudad. En la actualidad, tras la restauración llevada a cabo entre 2006 y 2008, el monumental edificio, declarado Bien de Interés Cultural, se ha convertido en el símbolo de la Universidad de Zaragoza. También en el de su política cultural, a través del amplio programa de actividades que organiza: cine, conciertos, conferencias, congresos, exposiciones temporales y colecciones permanentes.

La efigie de Minerva, la diosa de la sabiduría y de las artes en la mitología romana, que luce en su fachada principal ha recuperado su papel.

The former Casa de las Facultades de Medicina y Ciencias, built by the architect Ricardo Magdalena according to the eclectic mode of the moment, was inaugurated in October, 1893 in the outskirts of the city. At present, after the restoration carried out between 2006 and 2008, the monumental building, declared of cultural interest, has turned into the symbol of the University of Saragossa. And also into the symbol of its cultural politics thanks to a wide program of activities: cinema, concerts, lectures, congresses, temporary exhibitions and permanent collections.

Minerva, the Roman goddess of wisdom and the arts whose bust presides its main façade, has regained her role.</subfield>
  </datafield>
  <datafield tag="540" ind1=" " ind2=" ">
    <subfield code="9">info:eu-repo/semantics/openAccess</subfield>
    <subfield code="a">by-nc-nd</subfield>
    <subfield code="u">http://creativecommons.org/licenses/by-nc-nd/3.0/es/</subfield>
  </datafield>
  <datafield tag="655" ind1=" " ind2="4">
    <subfield code="a">info:eu-repo/semantics/article</subfield>
    <subfield code="v">info:eu-repo/semantics/publishedVersion</subfield>
  </datafield>
  <datafield tag="710" ind1="2" ind2=" ">
    <subfield code="1">3007</subfield>
    <subfield code="2">465</subfield>
    <subfield code="a">Universidad de Zaragoza</subfield>
    <subfield code="b">Dpto. Historia del Arte</subfield>
    <subfield code="c">Área Historia del Arte</subfield>
  </datafield>
  <datafield tag="773" ind1=" " ind2=" ">
    <subfield code="g">28 (2013), 191-210</subfield>
    <subfield code="p">Artigrama</subfield>
    <subfield code="t">Artigrama</subfield>
    <subfield code="x">0213-1498</subfield>
  </datafield>
  <datafield tag="856" ind1="4" ind2=" ">
    <subfield code="s">1241842</subfield>
    <subfield code="u">http://zaguan.unizar.es/record/74902/files/texto_completo.pdf</subfield>
    <subfield code="y">Versión publicada</subfield>
  </datafield>
  <datafield tag="856" ind1="4" ind2=" ">
    <subfield code="s">51071</subfield>
    <subfield code="u">http://zaguan.unizar.es/record/74902/files/texto_completo.jpg?subformat=icon</subfield>
    <subfield code="x">icon</subfield>
    <subfield code="y">Versión publicada</subfield>
  </datafield>
  <datafield tag="856" ind1="4" ind2="1">
    <subfield code="u">https://www.unizar.es/artigrama/pdf/28/2monografico/08.pdf</subfield>
    <subfield code="z">Texto completo de la revista</subfield>
  </datafield>
  <datafield tag="909" ind1="C" ind2="O">
    <subfield code="o">oai:zaguan.unizar.es:74902</subfield>
    <subfield code="p">articulos</subfield>
    <subfield code="p">driver</subfield>
  </datafield>
  <datafield tag="951" ind1=" " ind2=" ">
    <subfield code="a">2024-04-24-13:40:28</subfield>
  </datafield>
  <datafield tag="980" ind1=" " ind2=" ">
    <subfield code="a">ARTICLE</subfield>
  </datafield>
</record>
</collection>